000 00790nam a2200229 u 4500
001 000023253
005 20200930022106.0
008 101201s1971 sp 000 0 spa d
040 _aDO-SdBNP
_bspa
_cBNPHU
041 1 7 _aspa
_hfre
_2Código de idiomas MARC
082 _ann*
_bnn*
100 1 _aLuchaire, François.
_947885
240 1 0 _aL´aide aux pays sous-développés.
_lEspañol
245 1 3 _aLa ayuda a los países subdesarrollados /
_cFrançois Luchaire ; traducción Domènec Bergadà.
260 _aBarcelona :
_bOikos-Tau,
_c1971.
300 _a254 p. ;
_c18 cm.
490 1 _a¿qué sé?
_v24
534 _aTítulo original de la obra :
_tL´aide aux pays sous-développés
700 1 _aBergadà, Domènec,
_etr.
_947886
830 0 _a¿qué sé?
_v24
_927270
049 _aBNGR
999 _c22750
_d22750